Estatísticas para 5 Países Mais Ricos por Continente

Clique aqui para jogar o quiz

Estatísticas Gerais

  • Esse quiz foi jogado 2 595 vezes
  • A pontuação média é 16 de 30

Estatísticas das Respostas

ContinenteRenda per CapitaPaís% Correto
América do Sul$16,500Brasil
97%
América do Norte$64,900Estados Unidos
95%
América do Sul$20,400Argentina
93%
América do Norte$50,900Canadá
93%
América do Sul$27,700Chile
90%
Oceania$54,600Austrália
87%
América do Sul$24,300Uruguai
86%
Oceania$43,100Nova Zelândia
82%
América do Sul$16,200Suriname
66%
Europa$76,100Noruega
57%
Europa$196,000Mônaco
56%
Oceania$10,400Fiji
54%
Europa$112,000Luxemburgo
54%
Ásia$78,200Emirados Árabes Unidos
50%
América do Norte$32,500Bahamas
49%
Ásia$135,000Catar
49%
Ásia$100,000Singapura
47%
Europa$129,000Liechtenstein
45%
Oceania$12,900Palau
38%
Oceania$14,300Nauru
36%
Europa$84,400Irlanda
33%
Ásia$75,200Kuweit
30%
África$32,000Seychelles
28%
América do Norte$32,800Trinidad e Tobago
27%
Ásia$83,900Brunei
26%
África$24,900Maurícia
24%
América do Norte$31,200São Cristóvão e Nevis
22%
África$18,700Botswana
18%
África$18,900Gabão
15%
África$21,400Guiné Equatorial
14%

Distribuição das Pontuações

Percentil de Números Respondidos

Porcentagem de Pessoas com Cada Pontuação

Sua Pontuação Histórica

Você não jogou esse quiz